000 00975cam a22002897a 4500
003 CHAP
005 20220329134852.0
008 971013s1978 r 00010 d
010 _a27215
011 _a28187
035 _a32289
040 _cCHAP
082 _a639.2
_bI5
110 _aInstituto Mexicano de Recursos Naturales Renovables
_959259
245 0 _aPanorama pesquero nacional
_b: análisis de tres lustros; vigésima serie de mesas redondas
260 _aMéxico, D.F. :
_bInstituto Mexicano de Recursos Naturales Renovables,
_c1978
300 _a219 p
590 _aBATCH-UPD
_b10
_c20130110
_lUCH01
_h1316
590 _aBATCH-UPD
_b10
_c20130410
_lUCH01
_h0827
590 _aBATCH-UPD
_b10
_c20130914
_lUCH01
_h1909
590 _aCONVERSION
_b10
_c20130109
_lUCH01
_h1316
650 1 4 _aPesquería.
_987496
650 1 4 _aPesquería
_xMéxico.
_987511
901 _aBK
942 _cLIBRO
949 _a639.2 I5
_bBC
_cLIBRO
_d33724000095543
_eLIBRO
_h47408
_i32289
_mD
_si
999 _c27215
_d27215